Biodiversity maintaining the balance
Improve the well-being of present and future generations of rice farmers and consumers particularly those with low incomes,...
שמור ב:
| פורמט: | ספר |
|---|---|
| שפה: | Undetermined |
| יצא לאור: |
Manila
IRRI
1998
|
| נושאים: | |
| תגים: |
הוספת תג
אין תגיות, היה/י הראשונ/ה לתייג את הרשומה!
|
| Thư viện lưu trữ: | Trung tâm Học liệu Trường Đại học Cần Thơ |
|---|
| LEADER | 00603nam a2200169Ia 4500 | ||
|---|---|---|---|
| 001 | CTU_142859 | ||
| 008 | 210402s9999 xx 000 0 und d | ||
| 082 | |a 333.95 | ||
| 082 | |b B615 | ||
| 245 | 0 | |a Biodiversity maintaining the balance | |
| 260 | |a Manila | ||
| 260 | |b IRRI | ||
| 260 | |c 1998 | ||
| 520 | |a Improve the well-being of present and future generations of rice farmers and consumers particularly those with low incomes,... | ||
| 650 | |a Biodiversity,Biodiversity conservation,Bảo tồn đa dạng sinh học | ||
| 904 | |i Năm | ||
| 980 | |a Trung tâm Học liệu Trường Đại học Cần Thơ | ||